La sociedad: una introducción a la sociología

Shranjeno v:
Bibliografske podrobnosti
Glavni avtor: Chinoy, Ely (Author)
Format: Knjiga
Jezik:španščina
Izdano: Ciudad de México Fondo de Cultura Económica 1976
Teme:
Oznake: Označite
Brez oznak, prvi označite!

MARC

LEADER 00000nam a2200000 a 4500
001 UCX0591
003 CL-VaPUC
008 891115e19760000MX |||||||||||||||||spa|d
082 0 4 |a 301  |b CHI  |2 21 
100 0 |a Chinoy, Ely  |e author  |9 316005 
245 1 3 |a La sociedad: una introducción a la sociología 
300 |a 423 p 
942 |c BK 
945 |d 19891115 00:00:00  |a rbrito 
260 |a Ciudad de México  |b Fondo de Cultura Económica  |c 1976 
650 0 |a Sociología   |9 255410 
583 |a last modification  |c 19891115 00:00:00  |k Rodrigo Vera 
999 |c 222143  |d 222141 
952 |0 0  |1 0  |4 0  |6 301_000000000000000_CHI_1976  |7 0  |8 P  |9 216463  |a BIBEDU  |b BIBEDU  |c BIBEDU_PB  |d 2019-11-15  |i 3050491  |o 301 CHI 1976  |p 3050491  |r 2024-01-25  |w 2019-11-15  |y BK  |k EDU 
952 |0 0  |1 0  |4 0  |6 301_000000000000000_CHI_1976  |7 0  |8 P  |9 216464  |a BIBEDU  |b BIBEDU  |c BIBEDU_PB  |d 2019-11-15  |i 3050521  |o 301 CHI 1976  |p 3050521  |r 2024-01-25  |w 2019-11-15  |y BK  |k EDU 
952 |0 0  |1 0  |4 0  |6 301_000000000000000_CHI_1976  |7 0  |8 P  |9 216465  |a BIBEDU  |b BIBEDU  |c BIBEDU_PB  |d 2019-11-15  |i 305053K  |o 301 CHI 1976  |p 305053K  |r 2024-01-25  |w 2019-11-15  |y BK  |k EDU